LDR 00680naa#a2200169#i#450# 001 EN\\bibl\19439 005 20260516050432.6 100 ## _a20260515b2026####ek#y0engy0150####ca 102 ## _aRU 200 1# _aCONDITION OF PEDUNCULATE OAK STANDS IN THE SHIPOV FOREST ON SOLONETZ SOILS _eConference article/thesis 210 1# _aVoronezh _cFSBE Institution of Higher Education Voronezh State University of Forestry and Technologies named after G.F. Morozov _d2026 215 ## _a9 с. 608 ## _aConference article/thesis _2local 675 ## _aУсловия существования растений. 630.181 _z 700 #1 _aNartova _gI. M. 700 #1 _aPopova _gAnna Aleksandrovna 856 4# _abibl.vgltu.ru _u